00938nam a2200229 a 450000100100000000500170001000800410002704000250006808200200009310000400011324500640015326000380021730000200025550000560027559000260033165000280035765000310038591000370041695201170045395201230057099900150069300000979520240412074213.0091001s1985 dr 000 p spa d aDO-SdBNPbspacBNPHU aRD861.44bB837e1 aBrenes de Puello, Gladialisa92470110aEn el altar de los sueños /cGladialisa Brenes de Puello. aSanto Domingo :bCorripio,c1985. a81 p. ;c22 cm. aIncluye datos biográficos del autor en la solapa. aInventariado, 2018/LP 0aPoesía dominicana966 0aLiteratura dominicana.967 aValidado. Control de calidad MFF 0010718PDaPDbPDcHDd2009-10-01iLF1l0oRD861.44 B837ep9795-10r2020-06-25w2020-06-25yLFPDZNo se presta 0010718PDaPDbPDcHDd2009-10-01iLF1l0oRD861.44 B837ep9795-20r2020-06-25te. 2w2020-06-25yLFPDZNo se presta c9554d9554